Κατάλογος Βιβλιοθηκών Mediterranean College

Neurological Physiotherapy / Second Edition (Record no. 5737)

MARC details
000 -LEADER
fixed length control field 01372cam a22002054a 4500
005 - ΗΜΕΡΟΜΗΝΙΑ ΚΑΙ ΩΡΑ ΤΕΛΕΥΤΑΙΑΣ ΕΝΗΜΕΡΩΣΗΣ
Πεδίο ελέγχου 20250605164220.0
008 - FIXED-LENGTH DATA ELEMENTS--GENERAL INFORMATION
Πεδίο ελέγχου σταθερού μήκους 250528s ||||||||||||||||||||||||d
035 ## - SYSTEM CONTROL NUMBER
System control number 20648
020 ## - ISBN
ISBN 443064407
040 ## - ΠΗΓΗ ΚΑΤΑΛΟΓΟΓΡΑΦΗΣΗΣ
Φορέας πρωτότυπης καταλογογράφησης MC Athens Campus Library
Γλώσσα καταλογογράφησης Ελληνικά, Μοντέρνα (1453-)
Modifying agency MC Athens Campus Library
Κανόνες περιγραφικής καταλογογράφησης AACR2
245 1# - ΤΙΤΛΟΣ ΚΑΙ ΔΗΛΩΣΗ ΥΠΕΥΘΥΝΟΤΗΤΑΣ
Τίτλος Neurological Physiotherapy / Second Edition
250 ## - EDITION STATEMENT
Edition statement 2nd
260 ## - PUBLICATION, DISTRIBUTION, ETC.
Name of publisher, distributor, etc. Churchill Livingstone,
Date of publication, distribution, etc. 2002
300 ## - PHYSICAL DESCRIPTION
Extent 296
520 ## - SUMMARY, ETC.
Summary, etc. This book aims to provide an improved understanding of problems commonly encountered by the therapist working with people with neurological disability. Preface, Introduction, Problem Solving in Neurological Physiotherapy - Setting the Scene, Assessment and Outcome Measurement and Goal Setting in Physiotherapy Practice, An Analysis of Normal Movement as the Basis for the Development of Treatment Techniques, Neuropsychological Problems and Solutions, Abnormal Tone and Movement as a Result of Neurological Impairment: Considerations for Treatment, General Principles of Treatment, Drug Treatment of Neurological Disability, Case Histories, Posture Management and Special Seating, Splinting and the Use of Orthoses in the Management of Patients with Neurological Disorders, Longer-Term Management for Patients with Residual or Progressive Disability, The Way Forward, Index.
700 1# - ΠΡΟΣΘΕΤΗ ΑΝΑΓΡΑΦΗ--ΦΥΣΙΚΟ ΠΡΟΣΩΠΟ
Personal name Edwards Susan
9 (RLIN) 6610
942 ## - ADDED ENTRY ELEMENTS (KOHA)
Koha item type Books
Holdings
Τύπος τεκμηρίου Βιβλιοθήκη Τρέχουσα τοποθεσία Barcode Αριθμός εισαγωγής Ημερομηνία απόκτησης Ταξιθετικό σύμβολο Αριθμός αντιτύπου Κατάσταση απόσυρσης Κατάσταση χαμένου Κατάσταση κατεστραμμένου Μη δανεισμός Σύνολο δανεισμών Ημερομηνία λήξης Ημερομηνία τελευταίας εμφάνισης Χρονολογία τελευταίου δανεισμού Η τιμή ισχύει από
Books MC Athens Campus Library MC Thessaloniki Campus Library 9780000057365 7245 05/06/2025 616.8062 EDW 1         1 20/01/2026 13/01/2026 13/01/2026 05/06/2025

MC Athens Campus Library
Πατησίων 94 & Κοδριγκτώνος 13, 104 34
Πελλήνης 8 & Πατησίων 107, 112 51
Τ: +30 210 8899600

MC Thessaloniki Campus Library
Ίωνος Δραγούμη 21, 54625 | Ίωνος Δραγούμη 15, 54625
Τ: +30 2310 287779 – Τ: +30 2314 440300